| 000 | 00857nam a22002057a 4500 | ||
|---|---|---|---|
| 999 |
_c196388 _d196388 |
||
| 005 | 20230704104505.0 | ||
| 010 | _aB-754923-942 CHEN 25.5.23 | ||
| 020 |
_a9788123766836 _c35.00 |
||
| 035 | _aB-754923-942 | ||
| 037 | _bNational Book Trust,India | ||
| 082 | _aS | ||
| 245 |
_aA Helping Hand / _cconcept by Samaresh Chatterjee |
||
| 260 |
_aNew Delhi _bNational Book Trust,India _c2018(repr.) |
||
| 270 |
_aNehru Bhawan, 5 Institutional Area, Phase-II Vasant Kunj, New Delhi _bNew Delhi _e110070 |
||
| 300 |
_avarious pagings _c21cm(pbk) _bcol.ill |
||
| 490 | _aNehru Bal Pustakalaya | ||
| 700 | _aChatterjee,Samaresh | ||
| 942 |
_cCH _2ddc _mAHE _k _hS |
||